000 00902nam a22002537a 4500
005 20170124110208.0
010 _aB-090306
020 _c00.00
_a0071378812
035 _aB-090306
037 _bCen Lib/Ret
040 _aDPL
_bEN
082 _a628.42
_bHAC
100 _aHackman, Christaian L.
_937731
245 _aHazardous waste operations and emergency response manual and desk reference /
_cby Christian L. Hackman, E. Ellsworth Hackamn [and] Mathew E. Hackman
260 _aNew york
_bMcGraw Hill
_c2002
270 _bNew york
300 _avarious pagings
_c21cm(Hb)
500 _aIncludes appendix and index
650 _aHazardous wastes
_vManuals
_xsafety measures
_937732
650 _aHazardous wastes
_vManuals
_xHealth aspects
_937733
700 _aHackman, E. Ellsworth
_937734
700 _aHackman, Mathew E.
_937735
942 _2ddc
_cEN
_h628.42
_mHAC
999 _c133365
_d133365